| 000 | 00541 a2200157 4500 | ||
|---|---|---|---|
| 999 |
_c3041 _d3041 |
||
| 020 | _a9788131505342 | ||
| 050 | _aHF5549.5 WER 2006 | ||
| 100 |
_aWerner, Jon M. _eauthor |
||
| 245 |
_aHuman Resource Development : _bfoundation, framework and application / _cJon M. Werner & Randy L. DeSimone |
||
| 264 |
_aNew Delhi _bCengage Learning _c2006 |
||
| 300 |
_a500p. : _bill. |
||
| 500 | _aIncludes bibliographical references and index | ||
| 650 | _aPersonnel Management | ||
| 700 |
_aDeSimone, Randy L. _eauthor |
||
| 942 |
_2lcc _cBK _h5549.5 _iWER _kHF |
||